Kasımpaşa Squad 2023-2024 - Statistics

General Stats
  • This quiz has been taken 17 times
    13 since last reset
  • The average score is 9 of 33
Answer Stats
# Position Nation Player % Correct
35 MF Turkey Aytaç Kara
63%
2 DF Brazil Cláudio Winck
63%
10 MF Bosnia and Herzegovina Haris Hajradinović
63%
7 FW Senegal Mamadou Fall
63%
12 DF Tunisia Mortadha Ben Ouanes
63%
18 FW Cape Verde Nuno Da Costa
63%
1 GK Greece Andreas Gianniotis
50%
6 MF Turkey Gökhan Gül
50%
26 MF Kosovo Loret Sadiku
38%
15 FW Portugal Rochinha
38%
5 DF Turkey Sadık Çiftpınar
38%
28 MF DR Congo Samuel Bastien
38%
58 DF Turkey Yasin Özcan
38%
25 GK Turkey Ali Emre Yanar
25%
97 MF France Iron Gomis
25%
23 DF Ecuador Jackson Porozo
25%
4 DF Nigeria Kenneth Omeruo
25%
3 DF Turkey Duhan Aksu
13%
16 DF Turkey Emre Gedik
13%
11 FW Turkey Erdem Çetinkaya
13%
- Coach Turkey Kemal Özdeş
13%
14 FW Turkey Oğulcan Çağlayan
13%
- Coach Turkey Sami Uğurlu
13%
19 FW Turkey Sarp Yavrucu
13%
29 DF Turkey Taylan Aydın
13%
8 MF Ivory Coast Trazié Thomas
13%
13 DF Turkey Adnan Aktaş
0%
17 MF Morocco Driess Saddiki
0%
42 FW Turkey Emirhan Yiğit
0%
80 MF Turkey Hasan Emre Yeşilyurt
0%
9 FW Belgium Julien Ngoy
0%
26 GK Turkey Murat Can Yıldız
0%
20 MF Turkey Selim Dilli
0%
No matching quizzes found
Score Distribution
Percent of People with Each Score
Percentile by Number Answered
Your Score History
You have not taken this quiz since the last reset